Nutrición y desarrollo mental /
Uloženo v:
| Hlavní autor: | |
|---|---|
| Médium: | Text |
| Témata: | |
| Tagy: |
Přidat tag
Žádné tagy, Buďte první, kdo vytvoří štítek k tomuto záznamu!
|
MARC
| LEADER | 00000 a a2200000 04500 | ||
|---|---|---|---|
| 001 | 47591 | ||
| 003 | |||
| 040 | |||
| 090 | |a REV0857 7 (20) 1981 | ||
| 100 | |a Almendares B., Juan | ||
| 245 | |a Nutrición y desarrollo mental / |c Juan Almendares B. | ||
| 650 | |a NUTRICION | ||
| 650 | |a DESARROLLO MENTAL | ||
| 650 | |a ASPECTOS SOCIALES | ||
| 650 | |a ESTILO DE VIDA | ||
| 773 | |g volumen7, número20, setiembre-diciembre (1981) | ||
| 999 | |c 19723 |d 19723 | ||
